[Event "III C.to Europeo seniores"]
[Site "Saint Vincent - Chatillon ITA"]
[Date "2003.09.21"]
[Round "5"]
[White "Gruzmann, Boris"]
[Black "Hecht, Hans-Joachim"]
[Result "0-1"]
[WhiteElo "2316"]
[BlackElo "2404"]
[PlyCount "110"]
[EventDate "2003.09.17"]

1. e4 e5 2. Nf3 Nc6 3. Bb5 a6 4. Ba4 Nf6 5. O-O Be7 6. Re1 b5 7. Bb3 d6 8. c3
O-O 9. h3 h6 10. d4 Re8 11. Nbd2 Bf8 12. a4 Bb7 13. Bc2 exd4 14. cxd4 Nb4 15.
Bb1 c5 16. d5 Nd7 17. Ra3 f5 18. exf5 Rxe1+ 19. Qxe1 Bxd5 20. Nh2 Nf6 21. Rg3
Qe7 22. Re3 Qd7 23. Ndf3 Bf7 24. Ng4 Nbd5 25. Re2 Re8 26. Rxe8 Qxe8 27. Qxe8
Nxe8 28. axb5 axb5 29. Kf1 Nb4 30. Ne3 Be7 31. g4 Bf6 32. h4 Ba2 33. Bxa2+ Nxa2
34. Bd2 Bxb2 35. Ke2 Nc7 36. Ba5 Nc3+ 37. Kd3 N3d5 38. Kc2 Ba3 39. Bd2 Bb4 40.
Bc1 Ba5 41. Nxd5 Nxd5 42. g5 Nb4+ 43. Kb1 hxg5 44. hxg5 Nc6 45. Bb2 c4 46. Nh4
b4 47. f6 c3 48. Bc1 gxf6 49. Nf5 b3 50. Nxd6 Bc7 51. Nc4 Be5 52. Be3 Nb4 53.
Nxe5 fxe5 54. f4 Nd3 55. Ka1 exf4 0-1

[Event "III C.to Europeo seniores"]
[Site "Saint Vincent - Chatillon ITA"]
[Date "2003.09.21"]
[Round "5"]
[White "Khanukov, Boris"]
[Black "Zunker, Reinhard"]
[Result "1-0"]
[WhiteElo "2330"]
[BlackElo "2199"]
[PlyCount "123"]
[EventDate "2003.09.17"]

1. d4 g6 2. c4 Bg7 3. Nc3 d6 4. e4 Nc6 5. Be3 e5 6. d5 Nce7 7. c5 f5 8. cxd6
cxd6 9. Qa4+ Kf8 10. f3 Bh6 11. Bf2 Nf6 12. Bd3 Kg7 13. Nge2 fxe4 14. Bxe4 Bf5
15. h3 Bxe4 16. fxe4 Nh5 17. O-O Rf8 18. Kh1 a6 19. Bg1 Qc7 20. Qb3 Rac8 21. a4
Nf4 22. Ng3 Ng8 23. Nce2 Nxe2 24. Nxe2 Nf6 25. Be3 Bxe3 26. Qxe3 Qc5 27. Qxc5
Rxc5 28. Nc3 Rc4 29. Rfe1 Nh5 30. Kg1 Rb4 31. Re2 Ng3 32. Re3 Nh5 33. Ra2 Nf6
34. Re2 Nd7 35. g3 Nc5 36. Kg2 Nb3 37. Re1 Rf7 38. Ra3 Nc5 39. Re2 Nb3 40. Na2
Nd4 41. Nxb4 Nxe2 42. Re3 Nd4 43. Rc3 Kf8 44. Nc2 Nxc2 45. Rxc2 Ke8 46. Rc8+
Kd7 47. Ra8 Kc7 48. a5 Rd7 49. Rf8 Rd8 50. Rf7+ Rd7 51. Rf6 Kd8 52. Kf3 Ke8 53.
Kg4 Ke7 54. Re6+ Kf7 55. h4 Kf8 56. Kg5 Kg7 57. h5 gxh5 58. Kxh5 Kf8 59. Rf6+
Kg7 60. Kg5 Rd8 61. Kf5 Rd7 62. Ke6 1-0

[Event "III C.to Europeo seniores"]
[Site "Saint Vincent - Chatillon ITA"]
[Date "2003.09.21"]
[Round "5"]
[White "Klundt, Klaus"]
[Black "Fischer, Johann"]
[Result "1-0"]
[WhiteElo "2359"]
[BlackElo "2227"]
[PlyCount "97"]
[EventDate "2003.09.17"]

1. e4 e5 2. Nf3 Nc6 3. Bb5 a6 4. Ba4 Nf6 5. O-O Nxe4 6. d4 b5 7. Bb3 d5 8. dxe5
Be6 9. Qe2 Be7 10. Rd1 Na5 11. Nbd2 Nxd2 12. Bxd2 Nc4 13. Bxc4 bxc4 14. b3 cxb3
15. axb3 Qc8 16. Ra5 O-O 17. Rda1 c5 18. Rxa6 Rxa6 19. Qxa6 Bf5 20. Qxc8 Rxc8
21. Ra2 h6 22. Kf1 Rd8 23. Ke2 g5 24. Kd1 Bf8 25. Ra5 Re8 26. h4 g4 27. Ne1
Rxe5 28. Nd3 Bxd3 29. cxd3 Re6 30. d4 Rc6 31. dxc5 Bxc5 32. f3 gxf3 33. gxf3
Kh7 34. h5 d4 35. b4 Bf8 36. Rd5 Rc4 37. b5 Bb4 38. Bf4 d3 39. Bd2 Kg7 40. Be3
d2 41. Bxd2 Bxd2 42. Kxd2 Kf6 43. Kd3 Rc1 44. Rd4 Kg5 45. Rb4 Kxh5 46. b6 Rc8
47. b7 Rb8 48. Ke3 Kg5 49. Kf2 1-0

[Event "III C.to Europeo seniores"]
[Site "Saint Vincent - Chatillon ITA"]
[Date "2003.09.21"]
[Round "5"]
[White "Littlewood, John Eric"]
[Black "Chernikov, Oleg L."]
[Result "0-1"]
[WhiteElo "2311"]
[BlackElo "2455"]
[PlyCount "80"]
[EventDate "2003.09.17"]

1. e4 c5 2. c3 g6 3. d4 cxd4 4. cxd4 d5 5. exd5 Nf6 6. Nc3 Bg7 7. Nf3 Nxd5 8.
Bc4 Nxc3 9. bxc3 O-O 10. O-O Qc7 11. Qb3 Nc6 12. Ng5 e5 13. Bd5 h6 14. Nf3 Na5
15. Qb5 Bd7 16. Qd3 Bf5 17. Be4 Bxe4 18. Qxe4 exd4 19. cxd4 Rfe8 20. Qh4 Qd8
21. Qh3 Qc8 22. Qh4 h5 23. Qg3 Nc6 24. Be3 Qd7 25. Rac1 Re4 26. h3 Rd8 27. Bg5
Rde8 28. Be3 Bf6 29. Nd2 Rxd4 30. Nb3 Rd5 31. Qf3 Be7 32. Rfd1 Rd8 33. Re1 Ne5
34. Qe4 Nd3 35. Bd4 Nxc1 36. Rxc1 Ba3 37. Rc4 b5 38. Rc3 Bb2 39. Qe2 Bxc3 40.
Bxc3 Qc7 0-1

[Event "III C.to Europeo seniores"]
[Site "Saint Vincent - Chatillon ITA"]
[Date "2003.09.21"]
[Round "5"]
[White "Ljubarskij, Juri"]
[Black "Kozarcanin, Sead"]
[Result "1-0"]
[WhiteElo "2307"]
[BlackElo "2191"]
[PlyCount "69"]
[EventDate "2003.09.17"]

1. e4 e5 2. Nf3 Nc6 3. Bb5 g6 4. d4 exd4 5. Bg5 Be7 6. Bxe7 Qxe7 7. O-O d6 8.
Qxd4 f6 9. Nc3 a6 10. Bxc6+ bxc6 11. Qc4 Bd7 12. Nd4 Qf7 13. Qb4 Rc8 14. Qa5
Qc4 15. Rfd1 c5 16. Nde2 Ne7 17. b3 Qf7 18. Qxa6 f5 19. e5 dxe5 20. Qa5 Qe6 21.
Qxc5 Bc6 22. Re1 Qf6 23. Qc4 Rd8 24. Rad1 Rd6 25. Rxd6 cxd6 26. Nf4 Qf7 27. Qb4
Kd7 28. Nd3 Qf6 29. Rd1 Rd8 30. Nc5+ Ke8 31. Nb7 Qg5 32. g3 Bf3 33. Nxd8 Kxd8
34. Qb8+ Nc8 35. Rxd6+ 1-0

[Event "III C.to Europeo seniores"]
[Site "Saint Vincent - Chatillon ITA"]
[Date "2003.09.21"]
[Round "5"]
[White "Ofstad, Per"]
[Black "Asmundsson, Ingvar"]
[Result "0-1"]
[WhiteElo "2221"]
[BlackElo "2321"]
[PlyCount "76"]
[EventDate "2003.09.17"]

1. Nf3 d5 2. d4 e6 3. c4 c6 4. e3 f5 5. Nbd2 Nf6 6. Be2 Bd6 7. Ne5 Nbd7 8. f4
Ne4 9. Nxe4 fxe4 10. O-O O-O 11. Bd2 Nxe5 12. fxe5 Be7 13. Qb3 b6 14. Rxf8+
Bxf8 15. Qc2 c5 16. Rf1 a5 17. Bc3 Qg5 18. Rf4 Ra7 19. Qb3 Qd8 20. a4 Rf7 21.
cxd5 exd5 22. Rxf7 Kxf7 23. Qd1 Be6 24. Qf1+ Kg8 25. Qf4 Be7 26. Bg4 Qd7 27.
Bxe6+ Qxe6 28. h3 Bd8 29. g4 g6 30. Qf1 Bg5 31. Qf2 h5 32. Qe2 hxg4 33. hxg4 c4
34. Kg2 Qd7 35. Kh3 Qxa4 36. Qf1 Qd7 37. Qe2 Bd8 38. Be1 b5 0-1

[Event "III C.to Europeo seniores"]
[Site "Saint Vincent - Chatillon ITA"]
[Date "2003.09.21"]
[Round "5"]
[White "Orev, Petar"]
[Black "Margolit, Remir B."]
[Result "1-0"]
[WhiteElo "2242"]
[BlackElo "2365"]
[PlyCount "51"]
[EventDate "2003.09.17"]

1. e4 c6 2. d4 d5 3. f3 g6 4. Be3 Qb6 5. b3 dxe4 6. fxe4 Nf6 7. Qd3 Ng4 8. Bd2
Bg7 9. Nf3 Na6 10. h3 Nf6 11. c3 Nh5 12. Na3 Qc7 13. O-O-O Ng3 14. Rg1 O-O 15.
Nc4 f5 16. exf5 Bxf5 17. Qe3 Nxf1 18. Rgxf1 Rae8 19. g4 Bc8 20. Ng5 Rf6 21.
Rxf6 Bxf6 22. Nxh7 Kxh7 23. Qh6+ Kg8 24. Qxg6+ Kh8 25. Qxe8+ Kg7 26. g5 1-0

[Event "III C.to Europeo seniores"]
[Site "Saint Vincent - Chatillon ITA"]
[Date "2003.09.21"]
[Round "5"]
[White "Rotelli, Pietro"]
[Black "Neese, Hans-Joachim"]
[Result "0-1"]
[WhiteElo "1806"]
[BlackElo "2260"]
[PlyCount "80"]
[EventDate "2003.09.17"]

1. d4 Nf6 2. c4 e6 3. g3 d5 4. Bg2 c6 5. Nf3 Nbd7 6. b3 Be7 7. O-O Ne4 8. Bb2
O-O 9. Nbd2 f5 10. Ne5 Nxe5 11. dxe5 Nxd2 12. Qxd2 dxc4 13. Qxd8 Rxd8 14. bxc4
Rd2 15. Bc1 Rc2 16. e4 Rxc4 17. Re1 g6 18. exf5 gxf5 19. Be3 Bd7 20. Red1 Be8
21. Rab1 b6 22. Bf1 Ra4 23. Rb2 Rd8 24. Rbd2 Rxd2 25. Rxd2 Re4 26. Bf4 c5 27.
f3 Ra4 28. h4 Bc6 29. Bg5 Bxg5 30. hxg5 Bd5 31. Kf2 Rxa2 32. Rxa2 Bxa2 33. Ke3
Kf7 34. f4 Bd5 35. Be2 a5 36. Bh5+ Ke7 37. g4 a4 38. gxf5 exf5 39. Kd3 a3 40.
Kc2 b5 0-1

[Event "III C.to Europeo seniores"]
[Site "Saint Vincent - Chatillon ITA"]
[Date "2003.09.21"]
[Round "5"]
[White "Stepak, Yedael"]
[Black "Bondar, Anatoly T."]
[Result "1-0"]
[WhiteElo "2268"]
[BlackElo "2156"]
[PlyCount "69"]
[EventDate "2003.09.17"]

1. d4 g6 2. c4 f5 3. Nc3 Nf6 4. Nf3 Bg7 5. g3 O-O 6. Bg2 d6 7. O-O c6 8. Qc2
Na6 9. a3 Qe8 10. d5 e5 11. Rd1 e4 12. Nd4 c5 13. Ndb5 Qe7 14. Bf4 Ne8 15. Qd2
Nac7 16. Rab1 Nxb5 17. cxb5 Bf6 18. h4 Ng7 19. b4 cxb4 20. Rxb4 Nh5 21. Bg5
Bxg5 22. hxg5 Bd7 23. Qe3 Rac8 24. Rdd4 Rc5 25. f4 Rfc8 26. Rb3 Qg7 27. Kf2 h6
28. gxh6 Nf6 29. Bh3 Qxh6 30. Kg2 Kg7 31. Rd1 Rh8 32. Rh1 Kf7 33. Qd4 Qg7 34.
Qd2 Rhc8 35. Rd1 1-0

[Event "III C.to Europeo seniores"]
[Site "Saint Vincent - Chatillon ITA"]
[Date "2003.09.21"]
[Round "5"]
[White "Taimanov, Mark E."]
[Black "Jakobsen, Ole"]
[Result "1/2-1/2"]
[WhiteElo "2407"]
[BlackElo "2381"]
[PlyCount "49"]
[EventDate "2003.09.17"]

1. c4 e5 2. Nc3 Nf6 3. Nf3 Nc6 4. a3 g6 5. g3 Bg7 6. Bg2 O-O 7. O-O d6 8. d3 h6
9. Bd2 Be6 10. Ne1 d5 11. cxd5 Nxd5 12. Rc1 Nce7 13. Nc2 c6 14. Ne3 Qc7 15.
Nexd5 Nxd5 16. Qa4 Nb6 17. Qc2 f5 18. Na4 Nxa4 19. Qxa4 Qf7 20. Qa5 Rfd8 21.
Bc3 Bd5 22. Bxd5 Rxd5 23. Qa4 a6 24. Qc4 Rad8 25. b4 1/2-1/2

[Event "III C.to Europeo seniores"]
[Site "Saint Vincent - Chatillon ITA"]
[Date "2003.09.21"]
[Round "5"]
[White "Tseitlin, Mark D."]
[Black "Bautista Sanchez, Joan"]
[Result "1-0"]
[WhiteElo "2456"]
[BlackElo "2227"]
[PlyCount "107"]
[EventDate "2003.09.17"]

1. e4 c6 2. d4 d5 3. e5 Bf5 4. Nf3 e6 5. Be2 Nd7 6. O-O Ne7 7. Nh4 Bg6 8. Nd2
Nf5 9. Nxg6 hxg6 10. Nf3 Be7 11. g3 Qb6 12. c3 a6 13. b3 c5 14. Bb2 Rc8 15. Kg2
cxd4 16. cxd4 O-O 17. Qd3 Qa5 18. a3 Rc6 19. Rac1 Rfc8 20. Rxc6 Rxc6 21. g4 Nh6
22. h3 Qc7 23. Qb1 Nf8 24. Rc1 Rxc1 25. Qxc1 Qxc1 26. Bxc1 Nd7 27. Bd3 Kf8 28.
Ng5 Nb8 29. f4 Nc6 30. Nf3 Bd8 31. b4 Ng8 32. Kf1 Bb6 33. Bb2 Nge7 34. Ke2 Ke8
35. Kd2 Kd7 36. Kc3 Bd8 37. a4 Nc8 38. Kb3 Be7 39. Bc3 Bd8 40. h4 N8e7 41. a5
Ng8 42. f5 gxf5 43. gxf5 Nh6 44. fxe6+ Kxe6 45. Ka4 Nf5 46. b5 axb5+ 47. Bxb5
Na7 48. Ng5+ Bxg5 49. hxg5 Ne7 50. Bb4 Nec6 51. Bc5 Nxb5 52. Kxb5 Nxa5 53. Kxa5
Kf5 54. Bf8 1-0

[Event "III C.to Europeo seniores"]
[Site "Saint Vincent - Chatillon ITA"]
[Date "2003.09.21"]
[Round "5"]
[White "Van den Berg, Adrianus M.J."]
[Black "Klovans, Janis"]
[Result "0-1"]
[WhiteElo "2248"]
[BlackElo "2480"]
[PlyCount "71"]
[EventDate "2003.09.17"]

1. e4 c5 2. Nc3 e6 3. Nge2 d6 4. g3 Nc6 5. Bg2 Nge7 6. O-O Nd4 7. d3 g6 8. Bg5
Bg7 9. Qd2 O-O 10. Nxd4 cxd4 11. Ne2 Qc7 12. c3 dxc3 13. bxc3 Nc6 14. Bh6 Bxh6
15. Qxh6 Ne5 16. d4 Nc4 17. f4 f6 18. f5 Qg7 19. Qc1 e5 20. Rb1 b6 21. Rf2 gxf5
22. Rb4 Na5 23. exf5 Bb7 24. g4 Rac8 25. Bxb7 Nxb7 26. h4 Kh8 27. Rg2 Na5 28.
dxe5 dxe5 29. Kh2 Nc4 30. g5 a5 31. Rb1 fxg5 32. Rxg5 Qd7 33. Ng3 Nd2 34. Rxb6
Nf3+ 35. Kh3 Nxg5+ 36. hxg5 0-1

[Event "III C.to Europeo seniores"]
[Site "Saint Vincent - Chatillon ITA"]
[Date "2003.09.22"]
[Round "6"]
[White "Asmundsson, Ingvar"]
[Black "Orev, Petar"]
[Result "1-0"]
[WhiteElo "2321"]
[BlackElo "2242"]
[PlyCount "115"]
[EventDate "2003.09.17"]

1. e4 Nf6 2. e5 Nd5 3. d4 d6 4. Bc4 Nb6 5. Bb3 Bf5 6. e6 Bxe6 7. Bxe6 fxe6 8.
a4 a5 9. Nf3 Qd7 10. O-O Nc6 11. Re1 g6 12. Ng5 e5 13. dxe5 Nxe5 14. f4 h6 15.
Ne4 d5 16. fxe5 dxe4 17. Qe2 Qd4+ 18. Qf2 Qxe5 19. Nc3 O-O-O 20. Bf4 Qf5 21.
Qg3 e5 22. Be3 Nd5 23. Rad1 Nxc3 24. Rxd8+ Kxd8 25. bxc3 Bd6 26. Rf1 Qh5 27.
Qe1 Qg4 28. c4 Rf8 29. Rxf8+ Bxf8 30. h3 Qe6 31. Qxa5 Qc6 32. Qxe5 h5 33. c5
Kd7 34. c4 Qxa4 35. Qd5+ Kc8 36. Qf7 Qd1+ 37. Kh2 Qd8 38. Qxg6 Qe7 39. Qxh5 Kb8
40. Qd5 Bg7 41. Qg8+ Bf8 42. g3 Ka7 43. h4 Qf6 44. Qg4 Qb2+ 45. Kh3 Qb1 46. c6+
b6 47. Qe2 Bc5 48. h5 Qd3 49. Qxd3 exd3 50. Bd2 b5 51. cxb5 Kb6 52. Kg4 Kxb5
53. Kf3 Kc4 54. Ke4 Bd4 55. h6 Bh8 56. g4 Kc5 57. Kxd3 Kxc6 58. Bc3 1-0

[Event "III C.to Europeo seniores"]
[Site "Saint Vincent - Chatillon ITA"]
[Date "2003.09.22"]
[Round "6"]
[White "Fischer, Johann"]
[Black "Shenaev, Vyatsheslav"]
[Result "1/2-1/2"]
[WhiteElo "2227"]
[BlackElo "2221"]
[PlyCount "96"]
[EventDate "2003.09.17"]

1. c4 e5 2. Nc3 Nf6 3. Nf3 Nc6 4. e3 a6 5. d4 exd4 6. exd4 d5 7. Bg5 Bb4 8.
cxd5 Qxd5 9. Be2 Ne4 10. Bd2 Bxc3 11. bxc3 Na5 12. O-O O-O 13. Re1 b5 14. Bd3
f5 15. Bf4 Bb7 16. Bf1 c5 17. dxc5 Qxc5 18. Qd4 Qxd4 19. cxd4 Rac8 20. a4 b4
21. Reb1 b3 22. Nd2 Bd5 23. Nxe4 Bxe4 24. Rb2 Rc2 25. Rxc2 Bxc2 26. Bc1 Rf6 27.
Bb2 Rc6 28. Re1 Be4 29. f3 Rc2 30. fxe4 Rxb2 31. e5 Rd2 32. e6 Nc6 33. e7 Nxe7
34. Rxe7 Rxd4 35. Rb7 Rxa4 36. Rxb3 a5 37. Kf2 Kf7 38. Bd3 Kf6 39. Kf3 g5 40.
g3 g4+ 41. Ke3 Ra2 42. Rb5 Rxh2 43. Rxf5+ Ke6 44. Kf4 h5 45. Bc4+ Kd6 46. Kg5
Rh3 47. Rxa5 Rxg3 48. Kxh5 Rc3 1/2-1/2

[Event "III C.to Europeo seniores"]
[Site "Saint Vincent - Chatillon ITA"]
[Date "2003.09.22"]
[Round "6"]
[White "Frank, Werner"]
[Black "Kaminik, Aleksandar"]
[Result "0-1"]
[WhiteElo "2118"]
[BlackElo "2273"]
[PlyCount "60"]
[EventDate "2003.09.17"]

1. d4 Nf6 2. Nf3 g6 3. g3 Bg7 4. Bg2 O-O 5. O-O d6 6. c4 Nc6 7. h3 a6 8. Be3
Rb8 9. Qc1 Nd7 10. Nc3 e5 11. Rd1 exd4 12. Nxd4 Nde5 13. c5 Nxd4 14. Bxd4 Be6
15. cxd6 cxd6 16. f4 Nc4 17. Bxg7 Kxg7 18. Kh2 Qb6 19. Rd3 Nxb2 20. Qb1 Rfd8
21. Ne4 Na4 22. Qc2 d5 23. Qxa4 dxe4 24. Qxe4 Qb2 25. Rad1 Bf5 26. Qe5+ Qxe5
27. fxe5 Bxd3 28. exd3 Rd4 29. Be4 Rc8 30. Kg2 Rc5 0-1

[Event "III C.to Europeo seniores"]
[Site "Saint Vincent - Chatillon ITA"]
[Date "2003.09.22"]
[Round "6"]
[White "Jakobsen, Ole"]
[Black "Ljubarskij, Juri"]
[Result "1/2-1/2"]
[WhiteElo "2381"]
[BlackElo "2307"]
[PlyCount "44"]
[EventDate "2003.09.17"]

1. d4 d5 2. Nf3 e6 3. c4 Nf6 4. Nc3 Be7 5. Bg5 O-O 6. e3 b6 7. Be2 Ne4 8. Bxe7
Qxe7 9. Qc2 Bb7 10. cxd5 exd5 11. O-O Nd7 12. Rac1 c5 13. dxc5 bxc5 14. Nxe4
dxe4 15. Nd2 Rac8 16. Qa4 a6 17. Nb3 Ne5 18. Na5 Ba8 19. Rfd1 Rcd8 20. Rxd8
Rxd8 21. Rd1 Nd3 22. Nc4 Qe6 1/2-1/2

[Event "III C.to Europeo seniores"]
[Site "Saint Vincent - Chatillon ITA"]
[Date "2003.09.22"]
[Round "6"]
[White "Joksic, Sinisa"]
[Black "Khanukov, Boris"]
[Result "1-0"]
[WhiteElo "2253"]
[BlackElo "2330"]
[PlyCount "58"]
[EventDate "2003.09.17"]

1. Nf3 Nf6 2. c4 e6 3. g3 d5 4. Bg2 Be7 5. O-O O-O 6. d4 c6 7. Nbd2 b6 8. a3
Nbd7 9. b4 a5 10. Rb1 axb4 11. axb4 Qc7 12. Qc2 Ba6 13. Re1 dxc4 14. Nxc4 Nd5
15. Bd2 c5 16. dxc5 bxc5 17. b5 Bb7 18. Na5 Rfc8 19. Nxb7 Qxb7 20. Ng5 Bxg5 21.
Bxg5 N7b6 22. e4 Nb4 23. Qe2 h6 24. Be3 Ra4 25. Rec1 Qe7 26. Ra1 Rxa1 27. Rxa1
Qc7 28. Rc1 Nd7 29. Qd2 Qb7 1-0

[Event "III C.to Europeo seniores"]
[Site "Saint Vincent - Chatillon ITA"]
[Date "2003.09.22"]
[Round "6"]
[White "Kahn, Peter"]
[Black "Hoen, Ragnar Harald"]
[Result "1/2-1/2"]
[WhiteElo "2139"]
[BlackElo "2289"]
[PlyCount "25"]
[EventDate "2003.09.17"]

1. d4 Nf6 2. Nf3 e6 3. e3 d5 4. Bd3 c5 5. c3 Nc6 6. Nbd2 Qc7 7. O-O Be7 8. dxc5
Bxc5 9. e4 O-O 10. exd5 exd5 11. Nb3 Bb6 12. h3 Re8 13. Nfd4 1/2-1/2

[Event "III C.to Europeo seniores"]
[Site "Saint Vincent - Chatillon ITA"]
[Date "2003.09.22"]
[Round "6"]
[White "Karl, Hans"]
[Black "Petkevich, Jusefs"]
[Result "1/2-1/2"]
[WhiteElo "2265"]
[BlackElo "2442"]
[PlyCount "90"]
[EventDate "2003.09.17"]

1. d4 Nf6 2. c4 c5 3. d5 e6 4. Nc3 exd5 5. cxd5 d6 6. e4 g6 7. f3 Bg7 8. Bg5 a6
9. a4 O-O 10. Qd2 Re8 11. Nge2 Nbd7 12. Nc1 Qc7 13. Be2 c4 14. O-O Rb8 15. Be3
b6 16. N1a2 Nc5 17. Qc2 Nb3 18. Rad1 Bb7 19. Rfe1 Rbc8 20. Bf1 Nd7 21. Qf2 Rb8
22. Kh1 Nbc5 23. h3 Ne5 24. Nc1 Ba8 25. f4 Ned7 26. Bd4 Bxd4 27. Qxd4 b5 28.
axb5 axb5 29. e5 b4 30. exd6 Qa5 31. Ne4 Nxe4 32. Rxe4 Qxd5 33. Rxe8+ Rxe8 34.
Qxd5 Bxd5 35. Na2 Be6 36. Nxb4 Rb8 37. Nd5 Rxb2 38. Bxc4 Kg7 39. Ne3 Rb4 40.
Bxe6 fxe6 41. g3 h5 42. Kg2 Kf6 43. Rd2 Ra4 44. Kf3 e5 45. Nd5+ Kf7 1/2-1/2

[Event "III C.to Europeo seniores"]
[Site "Saint Vincent - Chatillon ITA"]
[Date "2003.09.22"]
[Round "6"]
[White "Lentze, Ingo"]
[Black "Rahls, Peter"]
[Result "0-1"]
[WhiteElo "2201"]
[BlackElo "2300"]
[PlyCount "74"]
[EventDate "2003.09.17"]

1. e4 c5 2. Nf3 e6 3. d4 cxd4 4. Nxd4 Nf6 5. Nc3 d6 6. Be2 a6 7. O-O Nbd7 8. a4
b6 9. f4 Bb7 10. Bf3 Rc8 11. Kh1 Be7 12. e5 Bxf3 13. Nxf3 dxe5 14. fxe5 Ng4 15.
Qe2 Qc7 16. Bf4 Qc4 17. Qxc4 Rxc4 18. g3 Bb4 19. Na2 Bc5 20. Nc3 Be3 21. Bxe3
Nxe3 22. Rf2 Ke7 23. Re2 Nf5 24. Rae1 Rhc8 25. Re4 Rxc3 26. bxc3 Rxc3 27. Rf1
Ne3 28. Rf2 Nc5 29. Rb4 Nd5 30. Rg4 g6 31. Ng5 Re3 32. Rxf7+ Ke8 33. Rf1 h5 34.
Rd4 Rxe5 35. Rb1 Rxg5 36. c4 Nc3 37. Rxb6 N3xa4 0-1

[Event "III C.to Europeo seniores"]
[Site "Saint Vincent - Chatillon ITA"]
[Date "2003.09.22"]
[Round "6"]
[White "Ljangov, Petar"]
[Black "Littlewood, John Eric"]
[Result "1-0"]
[WhiteElo "2169"]
[BlackElo "2311"]
[PlyCount "93"]
[EventDate "2003.09.17"]

1. e4 e5 2. Nf3 d6 3. d4 exd4 4. Nxd4 g6 5. Nc3 Bg7 6. Be2 Nc6 7. Be3 Nf6 8.
O-O O-O 9. f3 Re8 10. Qd2 d5 11. Nxc6 bxc6 12. Rfd1 Qe7 13. Bd4 Rb8 14. Rab1
Rb4 15. e5 Nd7 16. f4 f6 17. exf6 Nxf6 18. Bxa7 Qd6 19. Bd4 Bg4 20. Bxf6 Bxe2
21. Nxe2 Bxf6 22. c3 Rbe4 23. Ng3 Rxf4 24. Re1 Qc5+ 25. Kh1 Rxe1+ 26. Rxe1 Bg5
27. Qe2 Rf7 28. Rf1 Bf4 29. Qf2 Qxf2 30. Rxf2 c5 31. Ne2 Be3 32. Rxf7 Kxf7 33.
g3 d4 34. cxd4 cxd4 35. Kg2 Ke6 36. Kf3 Kd5 37. b3 c5 38. Nf4+ Kc6 39. Nd3 Bg5
40. Ke4 Bd8 41. g4 Bc7 42. h3 Bd6 43. a4 Bc7 44. Ne1 c4 45. bxc4 Kc5 46. Kd3
Kb4 47. Kxd4 1-0

[Event "III C.to Europeo seniores"]
[Site "Saint Vincent - Chatillon ITA"]
[Date "2003.09.22"]
[Round "6"]
[White "Murey, Jacob I."]
[Black "Chernikov, Oleg L."]
[Result "1/2-1/2"]
[WhiteElo "2459"]
[BlackElo "2455"]
[PlyCount "52"]
[EventDate "2003.09.17"]

1. e4 c5 2. Nc3 Nc6 3. g3 g6 4. Bg2 Bg7 5. Nge2 d6 6. a3 Nf6 7. O-O e5 8. b4
O-O 9. Rb1 b6 10. d3 Nd4 11. f4 Bd7 12. h3 Rc8 13. bxc5 bxc5 14. g4 Nxe2+ 15.
Nxe2 exf4 16. Bxf4 Ne8 17. Qd2 Bc6 18. Bg5 Qd7 19. Qa5 Nc7 20. c3 Ne6 21. Be3
d5 22. Nf4 Bxc3 23. Qxc3 d4 24. Qc1 dxe3 25. Nxe6 Qxe6 26. Qxe3 Qe5 1/2-1/2

[Event "III C.to Europeo seniores"]
[Site "Saint Vincent - Chatillon ITA"]
[Date "2003.09.22"]
[Round "6"]
[White "Neese, Hans-Joachim"]
[Black "Tatai, Stefano"]
[Result "0-1"]
[WhiteElo "2260"]
[BlackElo "2343"]
[PlyCount "94"]
[EventDate "2003.09.17"]

1. d4 Nf6 2. Nf3 e6 3. c4 d5 4. Nc3 Nbd7 5. Bg5 Bb4 6. e3 c5 7. cxd5 exd5 8.
Bd3 Qa5 9. Qc1 c4 10. Bxf6 Nxf6 11. Bb1 O-O 12. O-O Re8 13. Ne5 Nd7 14. f4 Nf8
15. a3 Bxc3 16. bxc3 f6 17. Nf3 Bg4 18. h3 Bxf3 19. Rxf3 Re7 20. Ra2 Rae8 21.
Kf2 b5 22. Qb2 Rb8 23. h4 Qd8 24. Qc1 a5 25. Re2 b4 26. axb4 axb4 27. cxb4 Rxb4
28. Bc2 Qb6 29. Qd2 Rb7 30. g4 Rb2 31. Qc3 g6 32. f5 Qd6 33. Rg3 R7b3 34. Qe1
Ra3 35. Rg2 g5 36. hxg5 fxg5 37. Qc1 Raa2 38. Kg1 Qa3 39. f6 Ra1 40. Qxa1 Qxa1+
41. Kh2 c3 42. Rgf2 Qc1 43. e4 dxe4 44. Bxe4 Rxe2 45. Bd5+ Re6 46. f7+ Kg7 47.
Bxe6 Nxe6 0-1

[Event "III C.to Europeo seniores"]
[Site "Saint Vincent - Chatillon ITA"]
[Date "2003.09.22"]
[Round "6"]
[White "Rosino, Antonio"]
[Black "Sorokina, Tamara"]
[Result "1/2-1/2"]
[WhiteElo "2275"]
[BlackElo "2132"]
[PlyCount "56"]
[EventDate "2003.09.17"]

1. e4 c5 2. Nf3 e6 3. c3 d5 4. exd5 Qxd5 5. d4 Nf6 6. Be2 Nc6 7. O-O Be7 8. Be3
cxd4 9. cxd4 O-O 10. Nc3 Qd8 11. Ne5 Nb4 12. Bf3 Nbd5 13. Bg5 Rb8 14. Qb3 Bd7
15. Rac1 a6 16. Rfd1 Qe8 17. Nxd7 Qxd7 18. Nxd5 Nxd5 19. Bxe7 Nxe7 20. d5 exd5
21. Bxd5 Nxd5 22. Rxd5 Qe6 23. g3 h6 24. Rc7 b5 25. Rd3 Rb6 26. Qxe6 Rxe6 27.
Kf1 Rfe8 28. Rdd7 Rf6 1/2-1/2

[Event "III C.to Europeo seniores"]
[Site "Saint Vincent - Chatillon ITA"]
[Date "2003.09.22"]
[Round "6"]
[White "Schramm, Bernd"]
[Black "Van den Berg, Adrianus M.J."]
[Result "1-0"]
[WhiteElo "2117"]
[BlackElo "2248"]
[PlyCount "86"]
[EventDate "2003.09.17"]

1. e4 e6 2. d4 d5 3. Nc3 Bb4 4. e5 c5 5. a3 Bxc3+ 6. bxc3 Ne7 7. Nf3 Bd7 8. Be2
Ba4 9. O-O c4 10. g3 Nbc6 11. Rb1 b6 12. Nh4 Kd7 13. f4 g6 14. g4 Qg8 15. Kh1
h6 16. f5 gxf5 17. gxf5 Qh7 18. Bg4 Rag8 19. Bh3 Rg5 20. Rf2 Rhg8 21. Be3 Kc7
22. Qf3 Nd8 23. Rbf1 Bd7 24. Qe2 exf5 25. Bxg5 hxg5 26. Nxf5 Ng6 27. Bg2 Nf4
28. Rxf4 gxf4 29. Ne7 Rh8 30. Nxd5+ Kb8 31. Be4 Qh6 32. Nxf4 Bg4 33. Qf2 Ne6
34. Nxe6 fxe6 35. Qf4 Qh5 36. Bf3 Bxf3+ 37. Rxf3 Qe8 38. Rf2 Qb5 39. Qf6 Qd5+
40. Qf3 Qa5 41. Qf6 Qd5+ 42. Rg2 Rg8 43. Qf1 Rxg2 1-0

[Event "III C.to Europeo seniores"]
[Site "Saint Vincent - Chatillon ITA"]
[Date "2003.09.23"]
[Round "7"]
[White "Blaushtain, Boris"]
[Black "Bautista Sanchez, Joan"]
[Result "1-0"]
[WhiteElo "2120"]
[BlackElo "2227"]
[PlyCount "72"]
[EventDate "2003.09.17"]

1. c4 Nf6 2. Nc3 c5 3. g3 Nc6 4. Bg2 g6 5. e3 Bg7 6. d4 O-O 7. Nge2 cxd4 8.
exd4 d6 9. O-O Bf5 10. b3 Qc8 11. d5 Nb4 12. Nd4 Bd3 13. Re1 Ng4 14. Be3 Nxe3
15. fxe3 Bf5 16. Rf1 Bxd4 17. exd4 Nc2 18. Qd2 Nxa1 19. Rxa1 Kg7 20. Qe3 e6 21.
dxe6 Bxe6 22. Qf4 Qd7 23. Ne4 d5 24. Nc5 Qe7 25. Qe5+ Qf6 26. cxd5 Bf5 27. d6
Rae8 28. Qxf6+ Kxf6 29. Nxb7 Re2 30. Bc6 Rc2 31. Nc5 Rd2 32. d5 Ke5 33. d7 Rb8
34. Re1+ Kd6 35. g4 Kxc5 36. gxf5 Kd6 1-0

[Event "III C.to Europeo seniores"]
[Site "Saint Vincent - Chatillon ITA"]
[Date "2003.09.23"]
[Round "7"]
[White "Etmans, Maarten D."]
[Black "Guillamat, Jean-Pierre"]
[Result "1-0"]
[WhiteElo "2221"]
[BlackElo "2063"]
[PlyCount "101"]
[EventDate "2003.09.17"]

1. e4 c5 2. Nf3 e6 3. c3 Nf6 4. e5 Nd5 5. d4 cxd4 6. Bc4 Nb6 7. Bb3 d5 8. cxd4
Be7 9. O-O O-O 10. Bc2 Nc6 11. Nc3 f5 12. exf6 Bxf6 13. a3 Nc4 14. Re1 Nd6 15.
Bf4 Nf7 16. Rc1 a6 17. Bb1 Ng5 18. Nxg5 Bxg5 19. Bxg5 Qxg5 20. Qd3 g6 21. Rcd1
Bd7 22. Qe3 Qxe3 23. fxe3 Kg7 24. e4 Rae8 25. Ba2 Bc8 26. exd5 exd5 27. Rxe8
Rxe8 28. Bxd5 Bg4 29. Bf3 Bxf3 30. gxf3 Rd8 31. d5 Ne5 32. f4 Nc4 33. a4 Kf6
34. b3 Nd6 35. Kg2 Rc8 36. Rd3 Kf5 37. Kf3 b5 38. axb5 axb5 39. Ne2 Rc5 40.
Ng3+ Kf6 41. Ne4+ Nxe4 42. Kxe4 Ke7 43. Rh3 h5 44. Rg3 Kf6 45. d6 Rc8 46. Rg5
Rd8 47. Kd5 b4 48. Re5 Ra8 49. d7 Ra5+ 50. Kd4 Ra8 51. Re8 1-0